000 00983nam a2200301 i 4500
001 bg
003 BPK
005 20200813100928.0
008 010328s2000 pl a f f |001 0 pol
015 _aPB 2001/15586
020 _a8385718672
040 _aWA N
_cBPK
041 0 _apol
080 _a621.1.01:536.7
080 _a(075.8)
100 1 _aSzargut, Jan
_d(1923-2017)
_eAutor
245 1 0 _aTermodynamika techniczna /
_cJan Szargut.
250 _aWyd. 3 popr. i uzup.
260 _aGliwice :
_bWydaw. Politechniki Śląskiej,
_c2000.
300 _a684, [3] s., [3] k. tabl. złoż. :
_bil. ;
_c24 cm.
504 _aBibliogr. - Indeks.
521 8 _aPodręcznik akademicki.
655 4 _aPodręczniki akademickie
650 4 _aTermodynamika techniczna
710 2 _aPolitechnika Śląska (Gliwice)
_bWydawnictwo
_4pbl.
942 _2UKD
_cKS
856 _uhttp://koha.tu.koszalin.pl/cgi-bin/koha/opac-detail.pl?biblionumber=45095
_yKatalog online BPK
999 _c45095
_d45095